00541cam a22001337a 4500008004000000082001800040100001700058245022000075250001200295260002700307300000900334650003900343700002500382180718b1960 xxu||||| |||| 00| 0 eng d aC4x42 W119/60 aWade, E.C.S. aConstitutional law: an outline of the law and practice of the constitution including central and local government, and the constitutional relations of the British Commonwealthcby E.C.S. Wade and G. Godfrey Phillips a6th ed. aLondonbLongmansc1960 a725P aConstitutional law --Great Britain aPhillips, G. Godfrey